000 00510nam a2200181Ia 4500
999 _c8949
_d8949
003 OSt
005 20210813051606.0
008 151021s9999 xx 000 0 und d
020 _a9789085730736
040 _aMMU
_beng
_cMMU
_dMMU
050 _aSB 957 .B24 2004
245 _aLes pesticides Composition,utilisation et risques/
_cJeroen Boland.
260 _aNetherlands:
_bAgromisa,
_c2004.
300 _a124 p. :
_bill. :
650 _aLes pesticides
700 _aIrene Koomen
942 _2lcc
_cLOAN LOAN